000 00334nam a22001217a 4500
008 180515b xxu||||| |||| 00| 0 eng d
041 _aeng
080 _a043.3
100 _a0
101 _aSHKI-BTH
245 _aERP impletation in the Small-Medium Enterprises Emphasis on RWC-Pristina Implementation
_cMurtezaj,F
942 _2udc
_cBK
999 _c45795
_d45795